| 000 | 01233cjm a2200289 a 4500 | ||
|---|---|---|---|
| 001 | 15013345 | ||
| 003 | CO-ViMGA | ||
| 005 | 20230915225026.0 | ||
| 008 | 070302s2005 cauppnn spa d | ||
| 020 | _a9789707370913 | ||
| 040 |
_aCO-ViMGA _bspa _cCO-ViMGA |
||
| 043 | _an-mx--- | ||
| 082 | 0 | 4 |
_a210 _bN42m |
| 100 | 1 |
_aFriedrich Nietzsche _9532 |
|
| 110 | 2 |
_aTri (Musical group) _4prf _9533 |
|
| 245 | 1 | 0 |
_aMás allá del bien y del mal _h[sound recording] / _cel Tri. |
| 260 |
_aBogotá, D.C Colombia,. _bLibros Hidalgo |
||
| 300 |
_a1 sound disc : _bdigital ; _c215 p. |
||
| 490 |
_aFilosofía religiosa _v215 pag,. |
||
| 500 | _aCompact disc accompanied by DVD. | ||
| 500 | _aFonovisa Records: 0883 52322 0 (set); 0883 52320 2 (CD); 0883 52321 9 (DVD). | ||
| 505 | 0 | _aDVD: Somos todos pirata -- Imagenes de: estudio, sesión fotográfica, develación estatua. | |
| 505 | 0 | 0 |
_gCD. _tFelicidades -- _tTodos somos piratas -- _tPolíticos ratas -- _tJuan Pablo II -- _tQueremos rock -- _tChe Guevara -- _tDe tripas corazón -- _gEl _tpeje atajo -- _tSueño americano -- _tDama de los callejones -- _tSi México ganara el mundial. |
| 546 | _aSung in Spanish. | ||
| 650 | 0 |
_aPopular music _zMexico _y2001-2010. _9534 |
|
| 942 |
_2ddc _cBK |
||
| 999 |
_c12089 _d12089 |
||